Loading...
Science - Biology | 0 | 6 | 0 | 1 | 60 | 78 | 104.00 | 0 | 3 |
Fine Arts - Painting and Sculpture | 0 | 4 | 0 | 0 | 40 | 45 | 81.25 | 3 | 3 |
Science - Chemistry | 0 | 4 | 1 | 0 | 35 | 97 | 107.50 | 1 | 4 |
History - American History | 0 | 3 | 0 | 0 | 30 | 56 | 94.67 | 1 | 2 |
History - World History | 0 | 2 | 1 | 0 | 15 | 59 | 67.50 | 1 | 2 |
Fine Arts - Classical Music | 0 | 2 | 1 | 1 | 15 | 125 | 126.00 | 0 | 1 |
Science - Other Science | 0 | 1 | 0 | 0 | 10 | 127 | 127.00 | 0 | 1 |
History - Other History | 0 | 1 | 0 | 0 | 10 | 72 | 72.00 | 1 | 1 |
Mythology | 0 | 1 | 0 | 0 | 10 | 146 | 146.00 | 0 | 0 |
Pop Culture | 0 | 1 | 0 | 0 | 10 | 119 | 119.00 | 0 | 0 |
Fine Arts - Other Fine Arts | 0 | 1 | 1 | 0 | 5 | 117 | 117.00 | 0 | 0 |
Literature - World Literature | 0 | 1 | 1 | 0 | 5 | 109 | 109.00 | 1 | 1 |
History - European History | 0 | 1 | 1 | 0 | 5 | 129 | 129.00 | 0 | 1 |
Other Academic | 0 | 0 | 1 | 0 | -5 | 0.00 | 0 | 0 |